| 000 | 00860cam a2200193 4500 | ||
|---|---|---|---|
| 001 | L136521 | ||
| 008 | 070205n2006 000 0 eng u | ||
| 035 | _a(Sirsi) u136521 | ||
| 050 | 0 | 4 | _a725.23 $2 18 |
| 245 | 0 | 0 |
_aWorkplace productivity _bdesign, location and people |
| 260 |
_aLondon _bBritish Council for Offices _c2006 |
||
| 300 | _a45p. $3 0cm. | ||
| 350 | _a30.00 | ||
| 505 | 2 | _aCurrent themes, practices and designs improving office efficiency -- Occupier case studies -- The suppliers' view | |
| 520 | _aDiscusses case studies amongst office occupiers who have recently relocated or refurbished, and interviews with suppliers who deal in improving the office relocation. Reports on how design can affect business performance and staff performance. | ||
| 651 | 4 | _aGREAT BRITAIN | |
| 690 | _aBUILT ENVIRONMENT-CONSTRUCTION DESIGN | ||
| 942 | _n0 | ||
| 999 |
_c106416 _d106416 |
||